000 00319nam a2200121Ia 4500
008 220216s9999 xx 000 0 und d
100 _aRamakrishnan T S
245 0 _aHorse hair fungus (Marasmius equicrinus Mull.)
260 _bRubber Board Bulletin
_c1962-63
300 _a126
700 _aPillay P N R
942 _cJS
999 _c60486
_d60486